[Event "Europa ch 2014"]
[Site "Yerevan ARM"]
[Date "2014.03.03"]
[Round "1.24"]
[White "Laznicka, Viktor"]
[Black "Meribanov, Vitaly"]
[Result "1/2-1/2"]
[WhiteElo "2681"]
[BlackElo "2410"]
[PlyCount "127"]
[EventDate "2014.03.03"]
[EventType "swiss"]
[EventRounds "11"]
[EventCountry "ARM"]
[Source "lmi"]
[SourceDate "2014.03.02"]

1. d4 Nf6 2. c4 e6 3. Nf3 Bb4+ 4. Bd2 Qe7 5. g3 Nc6 6. Nc3 O-O 7. Bg2 Bxc3 8.
Bxc3 Ne4 9. Rc1 d6 10. d5 Nxc3 11. Rxc3 Nb8 12. dxe6 fxe6 13. O-O Nd7 14. b4 a5
15. a3 Nf6 16. c5 axb4 17. cxd6 cxd6 18. axb4 e5 19. Ng5 h6 20. Ne4 Nxe4 21.
Bxe4 Be6 22. Rd3 Rad8 23. Qd2 Bc4 24. Bd5+ Bxd5 25. Rxd5 Rf6 26. Rd1 Rdf8 27.
f3 Rd8 28. Rb5 Rd7 29. Qd5+ Kh8 30. Ra1 Rf8 31. Kg2 Rc8 32. Ra7 Rb8 33. Rba5
Qd8 34. Rb5 Qc7 35. Ra2 Rc8 36. Rd2 Ra8 37. Qe6 Rad8 38. Rbd5 Re7 39. Qg6 Red7
40. Rc2 Qb8 41. h4 Rf8 42. Qd3 Rfd8 43. Rc4 Qa7 44. Rg4 Qa2 45. Rg6 Qb2 46. b5
Qb4 47. Re6 Qb2 48. Kf2 Qc1 49. Qg6 Qc8 50. b6 Kg8 51. Kg2 Qc4 52. Rd2 Kf8 53.
e4 Qb4 54. Rd5 Qxb6 55. Qh7 Qe3 56. Rexe5 dxe5 57. Qf5+ Kg8 58. Qe6+ Kh8 59.
Rxd7 Rxd7 60. Qxd7 Qe2+ 61. Kh3 Qxf3 62. Qe8+ Kh7 63. Qxe5 h5 64. Kh2 1/2-1/2

[Event "Europa ch 2014"]
[Site "Yerevan ARM"]
[Date "2014.03.03"]
[Round "1.26"]
[White "Sargissian, Gabriel"]
[Black "Bagaturov, Giorgi"]
[Result "1/2-1/2"]
[WhiteElo "2676"]
[BlackElo "2408"]
[PlyCount "124"]
[EventDate "2014.03.03"]
[EventType "swiss"]
[EventRounds "11"]
[EventCountry "ARM"]
[Source "lmi"]
[SourceDate "2014.03.02"]

1. d4 d5 2. c4 dxc4 3. e3 e6 4. Bxc4 c5 5. Nf3 Nf6 6. O-O Nc6 7. Qe2 Qc7 8. Nc3
a6 9. Bd3 Be7 10. a3 O-O 11. dxc5 Bxc5 12. b4 Be7 13. Bb2 Bd7 14. Rac1 Rfd8 15.
Ne4 Nxe4 16. Bxe4 Qb6 17. Bb1 Qb5 18. Qc2 Qh5 19. Qe4 Be8 20. h4 Rd5 21. Ba2
Rd7 22. Ng5 Bxg5 23. hxg5 Rd2 24. Rc2 Rxc2 25. Qxc2 Qxg5 26. Bb1 Qh5 27. Rd1
Ne7 28. Rd4 Nf5 29. Rd2 Qg5 30. Qd1 Bc6 31. f4 Qh4 32. Bxf5 exf5 33. Qf1 Re8
34. Qf2 Qe7 35. Bd4 Qe6 36. Rc2 Qg6 37. Qh4 Be4 38. Rd2 Rc8 39. Qg5 f6 40. Qxg6
hxg6 41. Bc5 Bc6 42. Bb6 Be8 43. Bc5 Kf7 44. Kf2 Bc6 45. Bb6 Rh8 46. Rd1 g5 47.
fxg5 Rh2 48. gxf6 Rxg2+ 49. Kf1 gxf6 50. Rd6 Ra2 51. Bd4 Kg6 52. Bxf6 Kh5 53.
Ke1 Rxa3 54. Kd2 Be4 55. Bb2 Rb3 56. Bc3 Kg4 57. Rg6+ Kf3 58. Rg1 Kf2 59. Rc1
Ra3 60. Ra1 Rb3 61. Rc1 Bb1 62. Rh1 Be4 1/2-1/2

[Event "Europa ch 2014"]
[Site "Yerevan ARM"]
[Date "2014.03.03"]
[Round "1.27"]
[White "Nadanian, Ashot"]
[Black "Grachev, Boris"]
[Result "1-0"]
[WhiteElo "2399"]
[BlackElo "2675"]
[PlyCount "103"]
[EventDate "2014.03.03"]
[EventType "swiss"]
[EventRounds "11"]
[EventCountry "ARM"]
[Source "lmi"]
[SourceDate "2014.03.02"]

1. e4 c5 2. Nf3 e6 3. d4 cxd4 4. Nxd4 Nc6 5. Nc3 a6 6. Nxc6 bxc6 7. Bd3 d5 8.
O-O Nf6 9. Re1 Be7 10. e5 Nd7 11. Qg4 Kf8 12. b3 h5 13. Qf3 Kg8 14. Na4 Qc7 15.
Bf4 Bb7 16. c4 dxc4 17. Bxc4 c5 18. Qe3 h4 19. h3 g6 20. Rad1 Kg7 21. Bg5 Bxg5
22. Qxg5 Rae8 23. Qe3 Bc6 24. Nxc5 Nxc5 25. Qxc5 Qb7 26. Rd6 Rc8 27. Qe3 Bb5
28. Qg5 Rce8 29. Qf6+ Kg8 30. Bxb5 axb5 31. Rd8 Rxd8 32. Qxd8+ Kh7 33. Qxh4+
Kg8 34. Qd8+ Kh7 35. Qh4+ Kg8 36. Qf6 Qd7 37. Re3 Rh5 38. g4 Rh8 39. Rf3 Rh7
40. Kh2 Rg7 41. Qg5 Rh7 42. Rc3 Rh8 43. a4 bxa4 44. bxa4 Kh7 45. Qh4+ Kg8 46.
Qf6 Kh7 47. g5 Rg8 48. Rc4 Rg7 49. a5 Kg8 50. a6 Rh7 51. a7 Qb7 52. Qd8+ 1-0

[Event "Europa ch 2014"]
[Site "Yerevan ARM"]
[Date "2014.03.03"]
[Round "1.28"]
[White "Volokitin, Andrei"]
[Black "Schachinger, Mario"]
[Result "1/2-1/2"]
[WhiteElo "2674"]
[BlackElo "2398"]
[PlyCount "68"]
[EventDate "2014.03.03"]
[EventType "swiss"]
[EventRounds "11"]
[EventCountry "ARM"]
[Source "lmi"]
[SourceDate "2014.03.02"]

1. e4 e5 2. Nf3 Nc6 3. Bb5 Nf6 4. O-O Nxe4 5. d4 Nd6 6. Bxc6 dxc6 7. dxe5 Nf5
8. Qxd8+ Kxd8 9. h3 Ke8 10. Nc3 h5 11. Ne2 b6 12. Rd1 Ba6 13. Ned4 Nxd4 14.
Nxd4 c5 15. Nf5 Be2 16. Rd2 Bc4 17. Ne3 Be6 18. b3 Rd8 19. Rxd8+ Kxd8 20. c4 c6
21. g4 hxg4 22. hxg4 Be7 23. f4 Rh4 24. f5 Bc8 25. Kg2 Bg5 26. Kg3 Rh1 27. Kg2
Rh4 28. Kg3 Rh1 29. Kg2 Re1 30. Kf2 Bh4+ 31. Kf3 Bg5 32. Kf2 Bh4+ 33. Kf3 Bg5
34. Kf2 Bh4+ 1/2-1/2

[Event "Europa ch 2014"]
[Site "Yerevan ARM"]
[Date "2014.03.03"]
[Round "1.29"]
[White "Lugovskoy, Maxim"]
[Black "Zhigalko, Sergei"]
[Result "0-1"]
[WhiteElo "2397"]
[BlackElo "2671"]
[PlyCount "81"]
[EventDate "2014.03.03"]
[EventType "swiss"]
[EventRounds "11"]
[EventCountry "ARM"]
[Source "lmi"]
[SourceDate "2014.03.02"]

1. e4 c5 2. Nf3 d6 3. Bb5+ Nd7 4. d4 cxd4 5. Qxd4 a6 6. Bxd7+ Bxd7 7. Nc3 e5 8.
Qd3 Rc8 9. Nd2 Be6 10. O-O Nf6 11. Rd1 d5 12. exd5 Nxd5 13. Nde4 Nxc3 14. Qxd8+
Rxd8 15. Rxd8+ Kxd8 16. Nxc3 Kc7 17. Be3 Be7 18. Ne4 Rd8 19. f3 f6 20. Bc5
Bxc5+ 21. Nxc5 Bf7 22. Rc1 h5 23. Kf1 Rd2 24. Ne4 Bc4+ 25. Kg1 Rd4 26. b3 Bg8
27. Kf2 f5 28. Ng3 Rd2+ 29. Ne2 f4 30. g3 g5 31. gxf4 gxf4 32. Rg1 Be6 33. Rg7+
Bd7 34. c4 Rxa2 35. Ke1 h4 36. Nc3 Rxh2 37. Ne4 h3 38. Nf6 Rg2 39. Rxd7+ Kc6
40. Rh7 h2 41. Ne8 0-1

[Event "Europa ch 2014"]
[Site "Yerevan ARM"]
[Date "2014.03.03"]
[Round "1.30"]
[White "Bartel, Mateusz"]
[Black "Sanal, Vahap"]
[Result "1/2-1/2"]
[WhiteElo "2662"]
[BlackElo "2390"]
[PlyCount "134"]
[EventDate "2014.03.03"]
[EventType "swiss"]
[EventRounds "11"]
[EventCountry "ARM"]
[Source "lmi"]
[SourceDate "2014.03.02"]

1. d4 Nf6 2. c4 e6 3. Nf3 b6 4. a3 Bb7 5. Bf4 d5 6. e3 Be7 7. Nc3 O-O 8. Qc2 c5
9. dxc5 bxc5 10. Rd1 Nbd7 11. Be2 Qb6 12. O-O Rac8 13. Rd2 Rfe8 14. Rfd1 d4 15.
exd4 cxd4 16. Rxd4 Bxf3 17. Bxf3 e5 18. Rxd7 Nxd7 19. Be3 Qe6 20. Bd5 Qf6 21.
Bxa7 Red8 22. Be3 Bc5 23. Ne4 Qg6 24. Bg5 Re8 25. b4 Bd4 26. c5 Nf8 27. Qe2 Ne6
28. h4 Nxg5 29. Nxg5 Rf8 30. Rd3 Rcd8 31. Bc4 Kh8 32. Rf3 f5 33. Ne6 Qg4 34.
Rh3 Qg6 35. Rd3 Qh6 36. Nxd8 Rxd8 37. Rf3 g6 38. g3 e4 39. Rb3 Qc1+ 40. Kg2 Be5
41. Rd3 Rxd3 42. Bxd3 Qxa3 43. Bxe4 Qxb4 44. Bxf5 Qxc5 45. Be4 Bf6 46. Qf3 Kg7
47. Bd5 Qd4 48. Ba2 Qc5 49. Bd5 Qd4 50. h5 Qe5 51. hxg6 hxg6 52. Be4 Qe6 53.
Qd3 Be7 54. Qd4+ Bf6 55. Qa7+ Qe7 56. Qa8 Qd8 57. Qc6 Qe7 58. f4 Qf7 59. Qb5
Qa2+ 60. Kf3 Qa3+ 61. Bd3 Qa8+ 62. Be4 Qa3+ 63. Kg2 Qb2+ 64. Qxb2 Bxb2 65. Bxg6
Kxg6 66. f5+ Kxf5 67. g4+ Kxg4 1/2-1/2

[Event "Europa ch 2014"]
[Site "Yerevan ARM"]
[Date "2014.03.03"]
[Round "1.31"]
[White "Arabidze, Meri"]
[Black "Saric, Ivan"]
[Result "1-0"]
[WhiteElo "2388"]
[BlackElo "2661"]
[PlyCount "91"]
[EventDate "2014.03.03"]
[EventType "swiss"]
[EventRounds "11"]
[EventCountry "ARM"]
[Source "lmi"]
[SourceDate "2014.03.02"]

1. d4 Nf6 2. c4 e6 3. Nf3 d5 4. Nc3 c6 5. e3 Nbd7 6. Bd3 dxc4 7. Bxc4 b5 8. Bd3
a6 9. a4 b4 10. Nb1 c5 11. O-O Bb7 12. Nbd2 Be7 13. Qe2 Qc7 14. e4 cxd4 15. e5
Nd5 16. Nb3 Nc5 17. Nxc5 Qxc5 18. Bd2 Qa7 19. a5 Rc8 20. h4 g6 21. Rfc1 O-O 22.
h5 Rxc1+ 23. Rxc1 Rc8 24. Rxc8+ Bxc8 25. hxg6 hxg6 26. Qe4 Qc7 27. Qg4 Bf8 28.
Qxd4 Qxa5 29. Ng5 Bg7 30. Bc4 Qb6 31. Qh4 Ne7 32. Qf4 Nf5 33. g4 Nh6 34. Ne4
Bb7 35. Nf6+ Bxf6 36. exf6 e5 37. Qxh6 Qxf6 38. Bxb4 a5 39. Bc5 Qg7 40. Qxg7+
Kxg7 41. Bb6 a4 42. Bb5 Kf6 43. Bd8+ Ke6 44. Bxa4 f5 45. Be8 Bf3 46. g5 1-0

[Event "Europa ch 2014"]
[Site "Yerevan ARM"]
[Date "2014.03.03"]
[Round "1.32"]
[White "Khairullin, Ildar"]
[Black "Gevorgyan, David"]
[Result "1/2-1/2"]
[WhiteElo "2657"]
[BlackElo "2388"]
[PlyCount "113"]
[EventDate "2014.03.03"]
[EventType "swiss"]
[EventRounds "11"]
[EventCountry "ARM"]
[Source "lmi"]
[SourceDate "2014.03.02"]

1. d4 d5 2. c4 e6 3. Nf3 Nf6 4. e3 Be7 5. b3 O-O 6. Bb2 b6 7. Bd3 Bb7 8. O-O
Ne4 9. Nc3 Nd7 10. Qc2 Ndf6 11. Ne2 Rc8 12. cxd5 exd5 13. Ne5 c5 14. Qd1 Bd6
15. Rc1 Qe7 16. f3 Ng5 17. Ng3 g6 18. f4 Nge4 19. Nxe4 Nxe4 20. Bxe4 dxe4 21.
Nc4 Rfd8 22. Qe1 cxd4 23. Nxd6 Rxd6 24. Rxc8+ Bxc8 25. Bxd4 Ba6 26. Rf2 Qd7 27.
Qb4 Bd3 28. h3 a5 29. Qc3 Qc6 30. Qb2 f6 31. Rd2 Kf7 32. Rd1 Qc7 33. Rc1 Rc6
34. Rxc6 Qxc6 35. Qf2 h5 36. Qh4 Qe6 37. g4 Qc6 38. Bb2 Be2 39. f5 Bf3 40.
fxg6+ Kxg6 41. Qxh5+ Kg7 42. Qg5+ Kf7 43. Qf4 Ke7 44. h4 Qd6 45. Qxd6+ Kxd6 46.
h5 Bxg4 47. h6 Bf5 48. Bxf6 b5 49. Kf2 Ke6 50. Bg5 a4 51. Ke2 axb3 52. axb3 Kf7
53. Kd2 Kg6 54. Bf4 Bh3 55. Kc3 Bf1 56. Kd4 Bd3 57. b4 1/2-1/2

[Event "Europa ch 2014"]
[Site "Yerevan ARM"]
[Date "2014.03.03"]
[Round "1.34"]
[White "Lysyj, Igor"]
[Black "Kalashian, David"]
[Result "1/2-1/2"]
[WhiteElo "2655"]
[BlackElo "2380"]
[PlyCount "153"]
[EventDate "2014.03.03"]
[EventType "swiss"]
[EventRounds "11"]
[EventCountry "ARM"]
[Source "lmi"]
[SourceDate "2014.03.02"]

1. d4 c6 2. c4 g6 3. Nc3 Bg7 4. e4 d6 5. Be2 Nf6 6. Nf3 O-O 7. O-O Bg4 8. Be3
Nbd7 9. h3 Bxf3 10. Bxf3 e5 11. d5 c5 12. Be2 Ne8 13. Qd2 f5 14. exf5 gxf5 15.
f4 Kh8 16. Rae1 a6 17. b3 Qh4 18. Kh2 Rg8 19. g3 Qf6 20. Nd1 Qg6 21. Bd3 Nef6
22. g4 e4 23. Be2 fxg4 24. Rg1 Qh6 25. Nf2 Qh4 26. Nxg4 b5 27. Bf2 Nxg4+ 28.
Bxg4 Qe7 29. Be6 bxc4 30. Bxg8 c3 31. Qc2 Rxg8 32. Rxe4 Qf7 33. Re6 Qxf4+ 34.
Bg3 Qf3 35. Bxd6 Qxd5 36. Rxg7 Rxg7 37. Re8+ Rg8 38. Qxc3+ Qd4 39. Qxd4+ cxd4
40. Re7 Rg7 41. Re4 Rg5 42. Rxd4 Ne5 43. Rf4 Nd3 44. Ra4 a5 45. h4 Rd5 46. Bc7
Rc5 47. Bxa5 Kg7 48. Kg3 Kg6 49. Bd2 Rc2 50. Bg5 Kf5 51. Be3 h5 52. Bg5 Ke5 53.
Ra8 Ke4 54. Ra4+ Ke5 55. Bh6 Kf5 56. Ra5+ Ke4 57. Bg7 Nc1 58. Rxh5 Rxa2 59.
Re5+ Kd3 60. b4 Ne2+ 61. Kg4 Nd4 62. Kh5 Nf3 63. Rc5 Ra4 64. Bc3 Ra3 65. b5 Ra4
66. Bf6 Rb4 67. Bd8 Nd4 68. b6 Ne6 69. Rc8 Ke4 70. Bc7 Kf5 71. Rg8 Kf6 72. Rg6+
Kf7 73. Rg1 Nxc7 74. bxc7 Rc4 75. Rg4 Rxc7 76. Kh6 Kf8 77. h5 1/2-1/2

[Event "Europa ch 2014"]
[Site "Yerevan ARM"]
[Date "2014.03.03"]
[Round "1.35"]
[White "Qashashvili, Alexandre"]
[Black "Socko, Bartosz"]
[Result "1/2-1/2"]
[WhiteElo "2378"]
[BlackElo "2654"]
[PlyCount "112"]
[EventDate "2014.03.03"]
[EventType "swiss"]
[EventRounds "11"]
[EventCountry "ARM"]
[Source "lmi"]
[SourceDate "2014.03.02"]

1. e4 e6 2. Nf3 d5 3. Nc3 d4 4. Ne2 c5 5. c3 Nf6 6. e5 Nfd7 7. cxd4 cxd4 8.
Nexd4 Nxe5 9. Bb5+ Nec6 10. Nc2 Bd6 11. O-O O-O 12. d4 b6 13. Bg5 Be7 14. Bf4
Bb7 15. a3 a6 16. Bc4 Na5 17. Ba2 Bd5 18. Ne3 Bxa2 19. Rxa2 Bd6 20. Bxd6 Qxd6
21. b4 Nac6 22. d5 exd5 23. Rd2 Ra7 24. Rxd5 Qc7 25. Qb1 Ne7 26. Ng5 g6 27. Qb2
f6 28. Qb3 Nxd5 29. Qxd5+ Kh8 30. Ne6 Qf7 31. Nxf8 Qxf8 32. Qe6 b5 33. Rc1 Rd7
34. h4 Kg7 35. h5 Qd8 36. Qh3 Rc7 37. Rd1 Rd7 38. Re1 Re7 39. Qg3 Kf7 40. Rc1
Rd7 41. Rc3 f5 42. Qf4 Kg7 43. hxg6 hxg6 44. Qe5+ Qf6 45. Nxf5+ gxf5 46. Rg3+
Kf7 47. Qxb8 Rd1+ 48. Kh2 Qh6+ 49. Rh3 Qd6+ 50. Qxd6 Rxd6 51. Kg3 Kg6 52. Kf4
Rd2 53. Rg3+ Kf6 54. f3 a5 55. Ke3 Ra2 56. bxa5 Rxa3+ 1/2-1/2

[Event "Europa ch 2014"]
[Site "Yerevan ARM"]
[Date "2014.03.03"]
[Round "1.36"]
[White "Sjugirov, Sanan"]
[Black "Oganian, Miran"]
[Result "1/2-1/2"]
[WhiteElo "2653"]
[BlackElo "2376"]
[PlyCount "83"]
[EventDate "2014.03.03"]
[EventType "swiss"]
[EventRounds "11"]
[EventCountry "ARM"]
[Source "lmi"]
[SourceDate "2014.03.02"]

1. Nf3 d5 2. g3 e6 3. Bg2 Nf6 4. c4 dxc4 5. Qa4+ Bd7 6. Qxc4 c5 7. Ne5 Qc8 8.
Nc3 Nc6 9. Nf3 Be7 10. d3 O-O 11. Bg5 Na5 12. Qf4 Qd8 13. Rc1 Rc8 14. Qd2 b6
15. O-O Bc6 16. Rfd1 Nd5 17. Bxe7 Qxe7 18. d4 Nxc3 19. Qxc3 Bb7 20. Ne5 cxd4
21. Qxd4 Bxg2 22. Kxg2 f6 23. Nf3 Rxc1 24. Rxc1 Rd8 25. Qc3 Nb7 26. Nd4 Nd6 27.
Qc7 Rd7 28. Qb8+ Kf7 29. Qh8 h6 30. Qa8 Nf5 31. Nf3 Rd8 32. Qe4 Qd7 33. Rc3 Ne7
34. Rd3 Qc6 35. Qxc6 Nxc6 36. Rxd8 Nxd8 37. Nd4 a6 38. Kf3 Ke7 39. Ke4 Kd6 40.
Nc2 Nc6 41. f4 f5+ 42. Kd3 1/2-1/2

[Event "Europa ch 2014"]
[Site "Yerevan ARM"]
[Date "2014.03.03"]
[Round "1.37"]
[White "Bulmaga, Irina"]
[Black "Zvjaginsev, Vadim"]
[Result "1/2-1/2"]
[WhiteElo "2375"]
[BlackElo "2653"]
[PlyCount "102"]
[EventDate "2014.03.03"]
[EventType "swiss"]
[EventRounds "11"]
[EventCountry "ARM"]
[Source "lmi"]
[SourceDate "2014.03.02"]

1. e4 c5 2. Nf3 Nc6 3. d4 cxd4 4. Nxd4 Nf6 5. Nc3 g6 6. Nxc6 bxc6 7. e5 Nh5 8.
Bc4 Ng7 9. O-O Ne6 10. Be3 Bg7 11. f4 O-O 12. Qf3 d5 13. exd6 Qxd6 14. Rad1 Nd4
15. Qf2 c5 16. Nb5 Qc6 17. Na3 Rb8 18. c3 Nf5 19. Bc1 e6 20. Be2 Ba6 21. Bxa6
Qxa6 22. g4 Nh6 23. h3 f5 24. g5 Nf7 25. Qxc5 Rfc8 26. Qe3 e5 27. Rd7 exf4 28.
Qe7 Rf8 29. Bxf4 Qb6+ 30. Be3 Qxb2 31. Rb1 Qxa2 32. Rxb8 Rxb8 33. c4 Rf8 34.
Bc5 Qa1+ 35. Kg2 Qb2+ 36. Kg1 Qa1+ 37. Kg2 Qb2+ 38. Kg1 Qe5 39. Qxe5 Nxe5 40.
Rxa7 Rc8 41. Be3 Bf8 42. Kg2 Rb8 43. Ra5 Rb2+ 44. Kf1 Nc6 45. Ra6 Rb3 46. Nc2
Ne5 47. Ra8 Rc3 48. Bc5 Nd7 49. Bxf8 Rxc2 50. Bd6+ Kf7 51. Rc8 Ke6 1/2-1/2

[Event "Europa ch 2014"]
[Site "Yerevan ARM"]
[Date "2014.03.03"]
[Round "1.38"]
[White "Sutovsky, Emil"]
[Black "Charochkina, Daria"]
[Result "1-0"]
[WhiteElo "2652"]
[BlackElo "2374"]
[PlyCount "85"]
[EventDate "2014.03.03"]
[EventType "swiss"]
[EventRounds "11"]
[EventCountry "ARM"]
[Source "lmi"]
[SourceDate "2014.03.02"]

1. e4 c6 2. d4 d5 3. Nd2 dxe4 4. Nxe4 Bf5 5. Ng3 Bg6 6. Nf3 Nd7 7. Bd3 Bxd3 8.
Qxd3 Ngf6 9. O-O e6 10. Bf4 Be7 11. c4 O-O 12. a3 a5 13. Rad1 Re8 14. h3 a4 15.
Ne2 Qa5 16. Nc3 Rad8 17. Qc2 b5 18. cxb5 cxb5 19. d5 b4 20. dxe6 fxe6 21. axb4
Qxb4 22. Be3 Rb8 23. Bc1 Nc5 24. Rd4 Qb3 25. Qd2 Bd8 26. Qe3 Bb6 27. Nxa4 Qxe3
28. fxe3 e5 29. Rb4 Nxa4 30. Rxa4 Nd5 31. Re4 Nf4 32. Rxe5 Ne2+ 33. Kf2 Nxc1
34. Rxc1 Rec8 35. Rxc8+ Rxc8 36. Ne1 Kf7 37. Ke2 Rc1 38. b4 Kf6 39. Re4 g5 40.
g4 Rb1 41. Nd3 Rh1 42. Rc4 Bd8 43. b5 1-0

[Event "Europa ch 2014"]
[Site "Yerevan ARM"]
[Date "2014.03.03"]
[Round "1.39"]
[White "Ben Artzi, Ido"]
[Black "Balogh, Csaba"]
[Result "1/2-1/2"]
[WhiteElo "2370"]
[BlackElo "2651"]
[PlyCount "58"]
[EventDate "2014.03.03"]
[EventType "swiss"]
[EventRounds "11"]
[EventCountry "ARM"]
[Source "lmi"]
[SourceDate "2014.03.02"]

1. d4 Nf6 2. c4 e6 3. Nc3 Bb4 4. e3 O-O 5. Bd3 d5 6. Nf3 b6 7. O-O Ba6 8. cxd5
exd5 9. Ne2 Bd6 10. Ng3 Re8 11. Bxa6 Nxa6 12. Qa4 Qc8 13. Bd2 Ne4 14. Rac1 Qb7
15. Rfd1 c5 16. dxc5 bxc5 17. Nxe4 Rxe4 18. Qc2 h6 19. Bc3 Rd8 20. b3 Bf8 21.
h3 Re6 22. Qf5 Nb8 23. Rd2 Nc6 24. Rcd1 Red6 25. Ne5 Nxe5 26. Bxe5 R6d7 27. Bc3
Rd6 28. Be5 R6d7 29. Bc3 Rd6 1/2-1/2

[Event "Europa ch 2014"]
[Site "Yerevan ARM"]
[Date "2014.03.03"]
[Round "1.40"]
[White "Popov, Ivan RUS"]
[Black "Baghdasaryan, Vahe"]
[Result "1-0"]
[WhiteElo "2650"]
[BlackElo "2368"]
[PlyCount "83"]
[EventDate "2014.03.03"]
[EventType "swiss"]
[EventRounds "11"]
[EventCountry "ARM"]
[Source "lmi"]
[SourceDate "2014.03.02"]

1. e4 c5 2. Nf3 e6 3. d4 cxd4 4. Nxd4 a6 5. c4 Nf6 6. Nc3 Qc7 7. Be2 b6 8. O-O
Bb7 9. Qd3 d6 10. f4 Nbd7 11. b4 Rd8 12. f5 e5 13. Nc2 Rc8 14. Bd2 Qc6 15. Ne3
Be7 16. Rac1 Bd8 17. Bf3 Qc7 18. Ncd5 Qb8 19. Rfd1 Nxd5 20. Nxd5 O-O 21. Be3
Bxd5 22. Qxd5 Be7 23. Qd2 Rc7 24. Rc2 Rfc8 25. Rdc1 Nf6 26. g4 h6 27. h4 d5 28.
exd5 e4 29. Be2 Nxd5 30. Qxd5 Rd7 31. Qxd7 Qg3+ 32. Kf1 Qh3+ 33. Ke1 Bxb4+ 34.
Rc3 Qxe3 35. Kd1 Bxc3 36. Qxc8+ Kh7 37. Qd7 Bb2 38. Rb1 Bd4 39. g5 hxg5 40.
hxg5 Qc3 41. g6+ Kh6 42. Qe7 1-0

[Event "Europa ch 2014"]
[Site "Yerevan ARM"]
[Date "2014.03.03"]
[Round "1.41"]
[White "Hayrapetian, Arman"]
[Black "Shimanov, Aleksandr"]
[Result "0-1"]
[WhiteElo "2367"]
[BlackElo "2649"]
[PlyCount "78"]
[EventDate "2014.03.03"]
[EventType "swiss"]
[EventRounds "11"]
[EventCountry "ARM"]
[Source "lmi"]
[SourceDate "2014.03.02"]

1. e4 c6 2. d4 d5 3. exd5 cxd5 4. c4 Nf6 5. Nc3 e6 6. Nf3 Bb4 7. Bd3 dxc4 8.
Bxc4 O-O 9. O-O b6 10. Bg5 Bb7 11. Qd3 Nbd7 12. Rad1 Bxc3 13. bxc3 Qc7 14. Bb3
Ng4 15. Bh4 Rac8 16. Rc1 Bxf3 17. Bg3 Nge5 18. dxe5 Bh5 19. Qe3 Nc5 20. Bh4 Bg6
21. Rfd1 Ne4 22. Rd4 Qb7 23. f3 Nc5 24. Rcd1 Rc7 25. Rd6 h6 26. R1d4 Qa6 27.
Bd8 Nxb3 28. axb3 Qa1+ 29. Rd1 Qxc3 30. Qxc3 Rxc3 31. b4 Rc8 32. Kf2 Bc2 33.
R1d2 Ba4 34. h4 Re8 35. h5 Bc6 36. Bh4 Bd5 37. Rd7 Rc4 38. Be7 Ra8 39. g4 Rc3
0-1

[Event "Europa ch 2014"]
[Site "Yerevan ARM"]
[Date "2014.03.03"]
[Round "1.42"]
[White "Hammer, Jon Ludvig"]
[Black "Chighladze, Iveri"]
[Result "1-0"]
[WhiteElo "2647"]
[BlackElo "2365"]
[PlyCount "109"]
[EventDate "2014.03.03"]
[EventType "swiss"]
[EventRounds "11"]
[EventCountry "ARM"]
[Source "lmi"]
[SourceDate "2014.03.02"]

1. Nf3 Nf6 2. g3 g6 3. Bg2 Bg7 4. c4 c6 5. O-O O-O 6. b3 Ne4 7. d4 d5 8. Bb2
Nd7 9. e3 b5 10. cxd5 cxd5 11. Nfd2 Ndf6 12. Nxe4 Nxe4 13. Qd3 b4 14. Bxe4 dxe4
15. Qxe4 Bf5 16. Qf3 Qd7 17. Nd2 Bg4 18. Qe4 Bf5 19. Qh1 e5 20. d5 e4 21. Bxg7
Kxg7 22. g4 Bxg4 23. Qxe4 f6 24. f3 Bh3 25. Rf2 Rad8 26. Qh4 Rfe8 27. e4 Re5
28. Kh1 Rh5 29. Qf4 Rc8 30. Nc4 a5 31. Rc2 Rg5 32. Rac1 Qa7 33. Qh4 Rh5 34. Qf2
Qb8 35. Nxa5 Rc3 36. Rxc3 bxc3 37. Nc4 Rg5 38. Ne3 Qe5 39. Rd1 Qd6 40. Rd3 Qe5
41. d6 Qf4 42. Rxc3 Qxd6 43. Rc1 h5 44. f4 Ra5 45. Qg3 Qe6 46. Qf3 Bg4 47. Nxg4
hxg4 48. Qe2 f5 49. Qb2+ Kg8 50. Rc4 Ra8 51. Qd4 Re8 52. a4 fxe4 53. Rc7 Re7
54. Qd8+ Re8 55. Qh4 1-0

[Event "Europa ch 2014"]
[Site "Yerevan ARM"]
[Date "2014.03.03"]
[Round "1.43"]
[White "Kozlitin, Roman"]
[Black "Ragger, Markus"]
[Result "1-0"]
[WhiteElo "2365"]
[BlackElo "2644"]
[PlyCount "181"]
[EventDate "2014.03.03"]
[EventType "swiss"]
[EventRounds "11"]
[EventCountry "ARM"]
[Source "lmi"]
[SourceDate "2014.03.02"]

1. e4 c6 2. d4 d5 3. Nc3 dxe4 4. Nxe4 Bf5 5. Ng3 Bg6 6. Nf3 Nd7 7. Bc4 e6 8.
Qe2 Ngf6 9. O-O Be7 10. Bg5 O-O 11. Rfe1 Nd5 12. Bxe7 Qxe7 13. Bb3 a5 14. a3 a4
15. Ba2 N7b6 16. Ne5 Rfd8 17. Rad1 Nd7 18. Nxg6 hxg6 19. Ne4 N7f6 20. Ng5 Rd6
21. Qf3 Ra5 22. c4 Nc7 23. c5 Rd7 24. Qh3 Qd8 25. Qc3 Ra8 26. Bc4 Ncd5 27. Qc1
Ng4 28. Nf3 Qf6 29. h3 Nh6 30. Ne5 Rdd8 31. Bxd5 Rxd5 32. g4 Qh4 33. Kg2 Rad8
34. Nf3 Qe7 35. Qc2 Ra8 36. Rd3 Qd8 37. Rc3 Qa5 38. Ree3 Kf8 39. Rc4 Ng8 40.
Rb4 Qc7 41. Rxa4 Rad8 42. Ra7 R5d7 43. Qa4 Ne7 44. Rb3 Qb8 45. Qa6 bxa6 46.
Rxb8 Rxb8 47. Rxd7 f6 48. b4 a5 49. bxa5 Ra8 50. Nd2 Ke8 51. Rb7 Rxa5 52. Nc4
Ra8 53. a4 g5 54. a5 Kd8 55. Kf3 g6 56. Ke4 Ra6 57. Rb8+ Kc7 58. Rf8 Nd5 59.
Rg8 Kb7 60. Rg7+ Kb8 61. Rxg6 Ra7 62. Rg8+ Kb7 63. Re8 Nc7 64. Rf8 Ka6 65. Rxf6
Ra8 66. Rf7 Nb5 67. Ne5 Nc3+ 68. Kd3 Nd5 69. Nxc6 Kb5 70. Ne5 Rxa5 71. Rb7+ Ka6
72. Nc4 Ra1 73. Rb2 Rc1 74. Ne3 Nc7 75. Rb6+ Ka7 76. Ke4 Rh1 77. Ke5 Rxh3 78.
Kd6 Rh7 79. Rb2 Ka6 80. c6 Ne8+ 81. Kxe6 Rh6+ 82. Kd5 Nf6+ 83. Kc4 Ne8 84. d5
Ka7 85. Nf5 Rh1 86. Rb7+ Ka8 87. Rf7 Rc1+ 88. Kd4 Re1 89. d6 Rd1+ 90. Ke5 Kb8
91. Rf8 1-0

[Event "Europa ch 2014"]
[Site "Yerevan ARM"]
[Date "2014.03.03"]
[Round "1.46"]
[White "Lupulescu, Constantin"]
[Black "Nuber, Blasius"]
[Result "1-0"]
[WhiteElo "2643"]
[BlackElo "2359"]
[PlyCount "89"]
[EventDate "2014.03.03"]
[EventType "swiss"]
[EventRounds "11"]
[EventCountry "ARM"]
[Source "lmi"]
[SourceDate "2014.03.02"]

1. d4 d5 2. c4 e6 3. Nc3 Be7 4. cxd5 exd5 5. Bf4 Nf6 6. e3 O-O 7. Bd3 c6 8.
Nge2 Nbd7 9. Ng3 Re8 10. Qc2 Nf8 11. O-O-O b5 12. Kb1 a5 13. Nce2 Ra6 14. Nf5
Bxf5 15. Bxf5 b4 16. Bd3 Rb6 17. Ng3 Bd6 18. Bxd6 Qxd6 19. Qe2 Ng6 20. Bxg6
hxg6 21. Rc1 a4 22. h4 a3 23. b3 Rc8 24. Rc5 Nd7 25. Rhc1 Rbb8 26. R5c2 Rc7 27.
h5 Rbc8 28. hxg6 fxg6 29. e4 Re8 30. Qd3 dxe4 31. Nxe4 Qd5 32. f3 Nb6 33. Qd2
Rd7 34. Qxb4 Qxd4 35. Qxd4 Rxd4 36. Rxc6 Nd5 37. Ra6 Nf4 38. Rxa3 Nxg2 39. Ra7
Nf4 40. Rcc7 Nh5 41. Rd7 Rxd7 42. Rxd7 Nf6 43. Nxf6+ gxf6 44. a4 Re3 45. Kc2
1-0

[Event "Europa ch 2014"]
[Site "Yerevan ARM"]
[Date "2014.03.03"]
[Round "1.47"]
[White "Shahinyan, David"]
[Black "Kuzubov, Yuriy"]
[Result "0-1"]
[WhiteElo "2356"]
[BlackElo "2642"]
[PlyCount "79"]
[EventDate "2014.03.03"]
[EventType "swiss"]
[EventRounds "11"]
[EventCountry "ARM"]
[Source "lmi"]
[SourceDate "2014.03.02"]

1. e4 c5 2. Nc3 Nc6 3. g3 e6 4. Bg2 Nf6 5. d3 Be7 6. Nge2 d5 7. exd5 exd5 8.
Bg5 d4 9. Bxf6 Bxf6 10. Nd5 O-O 11. O-O Re8 12. Nef4 Be5 13. Re1 Qd6 14. Qh5
Bd7 15. a3 g6 16. Qd1 Bg7 17. c4 dxc3 18. bxc3 Ne5 19. Ne3 Rad8 20. Rb1 b5 21.
c4 a6 22. Nfd5 h5 23. h3 Bc6 24. Qc2 Nd7 25. Re2 Nf8 26. Rbe1 Ne6 27. Nf1 Nd4
28. Rxe8+ Rxe8 29. Rxe8+ Bxe8 30. Qb1 Qe5 31. Nfe3 Bd7 32. Kh1 h4 33. g4 Ne6
34. Qe1 Qd6 35. Qa5 Bd4 36. Kg1 Kg7 37. Nc2 Be5 38. Qb6 Nf4 39. Qxd6 Bxd6 40.
Nxf4 0-1